| 000 | 00717nam a22001937a 4500 | ||
|---|---|---|---|
| 999 |
_c5149 _d5149 |
||
| 003 | AR-CdUCM | ||
| 008 | 190312b ||||| |||| 00| 0 spa d | ||
| 040 |
_aMUNICIPALIDAD PROVINCIAL DEL CUSCO _cBIBLIOTECA MUNICIPAL DEL CUSCO |
||
| 082 |
_a320.947 / _bL27 |
||
| 100 |
_aLasky, Victor _915641 |
||
| 245 | _aEl ruso feo / | ||
| 260 |
_aBarcelona : _bMartinez Roca, _c1966. |
||
| 300 |
_a327 páginas ; _c20 cm. |
||
| 505 | _aContenido: Rusos marchaos a vuestra casa! -- Regalos rusos -- Negocios entre camaradas -- Aparttheid U. -- El camarada Blimp -- Guinea -- Lumumba ... | ||
| 650 |
_aUnión Sovietica _9496 |
||
| 650 |
_aNueva Delhi _915642 |
||
| 700 |
_aBaquedano, Pedro (traductor) _915643 |
||
| 942 |
_2ddc _cLIBROS |
||